Procoagulant snake venom proteins similar to mammalian blood coagulation factor Xa : structural and functional characterization /
Saved in:
| 主要作者: | |
|---|---|
| 格式: | Thesis 图书 |
| 语言: | English |
| 出版: |
2000.
|
| 标签: |
添加标签
没有标签, 成为第一个标记此记录!
|
| LEADER | 00891cam a2200217 a 4500 | ||
|---|---|---|---|
| 001 | u690109 | ||
| 003 | SIRSI | ||
| 008 | 920910s2000 si a v 0 1 eng m | ||
| 035 | |a ACT-4281 | ||
| 040 | |a UMP | ||
| 096 | |a QU4 |b NUSP 2000 Jos | ||
| 100 | 1 | 0 | |a Joseph, Jeremiah Stanson. |
| 245 | 1 | 0 | |a Procoagulant snake venom proteins similar to mammalian blood coagulation factor Xa : |b structural and functional characterization / |c Jeremiah Stanson Joseph. |
| 260 | 0 | |c 2000. | |
| 300 | |a xiii, 269 leaves ; |c 30 cm. | ||
| 502 | |a Thesis (Ph.D)--Department of Biochemistry, Faculty of Medicine, National University of Singapore, 2000. | ||
| 504 | |a Bibliography : leaves 218-252 | ||
| 710 | 2 | 0 | |a National University of Singapore. |b Dept. of Biochemistry. |
| 948 | |a 21/03/2002 |b 16/04/2002 | ||
| 596 | |a 2 | ||
| 999 | |a QU4 NUSP 2000 JOS |w NLM |c 1 |i A503628088 |d 8/2/2007 |f 8/2/2007 |g 1 |l TESIS |m P02MEDKL |r Y |s Y |t TESIS |u 8/2/2007 | ||
